• 首页
  • 本馆介绍
  • 公告通知
  • 最新文献
  • 馆藏检索
  • 电子资源
  • 读者导购
  • 参考咨询
  • 我的图书馆
  • 登录
  • 详细信息显示
  • 放入我的书架
  • 预约/预借图书
  • 作者相关作品
  • 分类相关作品
  • 丛书相关作品
  • 出版社相关作品

书目信息

  • 表格格式
  • 工作单格式
  • 卡片格式
书名: Physics and chemistry of fission, 1979
作者: organized by the International Atomic Energy Agency and held at J鑥lich, 14-18, May 1979.
分册号:
分册名:
出版地: Vienna :
 
出版社: International Atomic Energy Agency
出版时间: 1980.
页数: 500 p. :
开本: 24 cm.
丛书名:
中图分类号:
科图分类号:
其他分类号: O57
主题词:
电子资源:
000 01254nam 2200289I 4504
001 E0732152777
005 20070301085751.37
008 030613s1980 au a b 10010 eng d
020    @a9200300804.
040    @aYSM@cYSM@dm.c.@dCIN
041 0  @aengfrerus
090    @aO57
099    @dO57@ex1:2
111 2  @aInternational Symposium on Physics and Chemistry of Fission@n(4th :@d1979 :@cJ鑥lich)
245 10 @aPhysics and chemistry of fission, 1979.@nVOLUME 2 :@bproceedings of an International Symposium on Physics and Chemistry of Fission / @corganized by the International Atomic Energy Agency and held at J鑥lich, 14-18, May 1979.
260 0  @aVienna :@bInternational Atomic Energy Agency,@c1980.
300    @a500 p. :@bill. ;@c24 cm.
490 0  @aProceedings series.
500    @a"STI/PUB/526."
500    @aContributions in English, French or Russian.
500    @aEarlier symposia referred to as: Symposium on Physics and Chemistry of Fission.
504    @aIncludes bibliographical references.
599    @aLib. has: v.2.
650  0 @aNuclear fission@xCongresses.
710 20 @aInternational Atomic Energy Agency.
830  0 @aProceedings series (International Atomic Energy Agency)
920    @a232010@z2
    
    Physics and chemistry of fission, 1979.. VOLUME 2 : : proceedings of an International Symposium on Physics and Chemistry of Fission / / organized by the International Atomic Energy Agency and held at J鑥lich, 14-18, May 1979.-Vienna : : International Atomic Energy Agency, , 1980.
    500 p. : : ill. ; ; 24 cm.- (Proceedings series. )
    "STI/PUB/526." .-Contributions in English, French or Russian.-Earlier symposia referred to as: Symposium on Physics and Chemistry of Fission.-Includes bibliographical references.-Lib. has: v.2.
    
    ISBN 9200300804.
    
●
相关链接 在E读中查询图书 在五车中查询图书 在当当中查询图书 在豆瓣中查询图书


正题名:Physics and chemistry of fission, 1979     索取号:O57/x1:2         预约/预借

序号 登录号 条形码 馆藏地/架位号 状态 备注
1 183239   000638689   第二样本阅览室/ [索取号:O57/x1:2] 在馆    
2 183240   000638670   第四借阅区/ [索取号:O57/x1:2] 在馆    
3 183241   000638661   第四借阅区/ [索取号:O57/x1:2] 在馆    
唐山师范学院图书馆 欢迎您!
大连网信软件有限公司© 版权所有